000 01347nam a2200385 i 4500
001 197021
003 ES-MaACL
005 20250813063347.0
008 250312s2018 sp | |||| 000 1 spa
015 _aMON18
017 _aB 6980-2018
_bOficina Depósito Legal Barcelona
020 _a9788417355425
035 _a(OCoLC)1037058435
035 _a(SpMaBN)a6450543
040 _aSpMaBN
_bspa
_cSpMaBN
_erda
080 _a821.134.2-94"19"
080 _a821.134.2-1"19"
100 1 _aRuiz Mantilla, Jesús,
_d1965-
_9239820
_eaut
245 1 0 _aAl día /
_cJesús Ruiz Mantilla.
250 _aPrimera edición: mayo de 2018
264 1 _aBarcelona :
_bGalaxia Gutenberg,
_c[2018].
264 4 _c©2018
300 _a175 páginas ;
_c22 cm
336 _aTexto
_2rdacontent
337 _asin mediación
_2rdamedia
338 _avolumen
_2rdacarrier
655 7 _2tgfbne
_9176539
_aPoesías
655 0 _9193660
_aDiarios personales
852 _aES-MaACL
_cDEPOJ
_jN-10405
_hDonación: José Lázaro García
_xEncuadernación cartoné con sobrecubiertas
_9206528
903 _9234219
_aLázaro García, José
_ednr
942 _cMONOGRAFIA
_n0
999 _c197021
_d197021